01701nam a22002774aa4500003000800000005001700008008004100025040003000066041000800096044000700104082001900111100003300130245024000163260002500403300004200428500003600470502017400506520062400680650001101304653001201315653002001327653001001347653001201357653001501369700003901384BOFEUTO20260626110349.0260611t2025 bo gr 000 f spa d 6BOFEUTOaBOFEUTOcBOFEUTO aspa abo aTE6324bAr658v aAranivar Nina, Marcoseautor aVariables técnicas-económicas para identificar las causas de los costos no calidad en la producción de latas de aluminio de cerveza para la Empresa Enalbo de la ciudad de Oruro /c Marcos Aranivar Nina, José Luis Tangara Colque aOruro :bs/n,c2025. a109 hojas ;btab, gráf. ;c28.5 cm. aIncluye bibliografía, anexos. aTesis Dirigida, (Licenciatura) -- Universidad Técnica de Oruro, Facultad de Ciencias Económicas, Financieras y Administrativas, Carrera Ingeniería Comercial, 2025. aEl presente trabajo de investigación se justifica por las características económicas, porque se analizará los factores que están generando interrupciones, tiempos de inactividad, desperdicios y retrasos en el proceso operativo de producción de latas, y se propone un plan de mejora continua, porque un plan de mejora continua permitirá implementar mejores prácticas y tecnologías para aumentar la eficiencia y la producción reduciendo pérdida y costos. El problemas que dio lugar ala presente investigación es : realizar un plan de mejora continua que permita mejorar el proceso de producción. aCostos aProceso aMejora Continua aCosta aCalidad aSeis Sigma aTangara Colque, José Luisetutor